000 002410000a22001090004500
100 1 _aStafford, Roy
245 1 0 _aWho cares?
300 _aVol. 14, Núm 2 (1996), Páginas 59-64
700 1 _aStafford, Jan
773 0 _tEvangel
942 _cANA
999 _c54187
_d54187